00719 2200253 4500001002100000005001500021035002000036007000300056008004100059020002200100082001000122084001600132100002000148245011100168250001100279260003200290300003700322650001800359700001700377700002600394700002100420990001200441990001200453INLIS00000000000182120180328090026 a0010-0318000164ta180328 g 1 ind  a978-602-1695-07-4 a741.5 a741.5 WAW k0 aWAWAN, Kungkang1 aKomik 100 Kebiasaan Nabi /cWawan Kungkang, Straightedge; penyunting, Abduh Zulfidar Akaha, Aminah Mustari acet.12 aJakarta :bSalsabila,c2017 avii, 201 hlm. :bilus. ;c21 cm. aKOMIK. BACAAN0 aSTRAIGHTEDGE0 aABDUH, Zulfidar Akaha0 aAMNINAH, Mustari a16481 a a16481 b